000 00501nam a2200157 a 4500
001 000036729
005 20200930075912.0
008 120111s2011 dr 000 0 spa d
020 _a9789945164428
040 _aDO-SdBNP
_bspa
_cBNPHU
082 _axxxx
_bR426s
110 1 _aRepública Dominicana.
_bContraloria General de la República
_921624
245 1 0 _aSistema Nacional de control interno :
_bguía no. 1 ambiente control.
260 _aSanto Domingo :
_bBúho,
_c2011.
300 _a52 p ;
_c24 cm.
999 _c36220
_d36220